Quizzes
Events
Quiz Creation
Community
Videos
Private Events
Remove Ads
Sign In
Join for FREE
Feedback
Dark Mode
Quiz Categories
Sports
Geography
Music
Movies
Television
Just For Fun
Miscellaneous
History
Literature
Language
Science
Gaming
Entertainment
Religion
Holiday
For Kids
Quiz Lab
Recent
Popular Today
Quiz Kudos Today
Editor Picks
Curator Picks
Quizzes by...
Day
Popularity
Type
Ratings
Length
Year
Community
Subscriptions
Recent Discussions
Orange Saloon
Badges
Playlists
Quests
Create
Leaderboards
Showdown
Live 5
Trivia Bingo
Activity
Puzzle Library
Sporcle Events
Private Events
Virtual Trivia
Globe League
Become a Host
Pub Owners
SporcleCon
Opinionation
Our Games
Videos
Blog
Mobile Apps
Partnerships
Remove Ads and Go Orange
Feedback
Sports
Athletes
MLB
NBA
NHL
NFL
Soccer
Sports Teams
WWE
NCAA
Football
Premier League
Basketball
Baseball
Hockey
Golf
Tennis
Cricket
Rugby
Auto Racing
Olympics
World Cup
Sports
Athletes
MLB
NBA
NHL
NFL
Soccer
Sports Teams
WWE
NCAA
Football
Premier League
Basketball
Baseball
Hockey
Golf
Tennis
Cricket
Rugby
Auto Racing
Olympics
World Cup
Random Quiz
Search Sporcle
×
Quiz Lab
Quiz Lab
Sports
College
Type in answers that appear in a list
Type in answers that appear in a list
Classic
Best Score? Go Orange.
Division I College Mascots (A-M) Stats
Can you name the Division I College Mascots?
By
rmh2113
10m
179 Questions
105 Plays
105 Plays
105 Plays
Comments
Comments
Give Quiz Kudos
Give Quiz Kudos
-
- Ratings
hide this ad
Forced Order
Answers have to be entered in order
Answers have to be entered in order
Random Order
Randomize order of answers
Randomize order of answers
Replay
Link that replays current quiz
Next Quiz
Link to next quiz in quiz playlist
You Got
0%
They Got
Avg Score
44%
Avg Friend Score
Upgrade to see
Score Distribution
Jump to the score distribution portion of the page
Score
0/179
Timer
10:00
0
Plays Today
School
Mascot
% Correct
Baylor
Bears
78.1%
Auburn
Tigers
77.1%
Kentucky
Wildcats
77.1%
Arizona State
Sun Devils
76.2%
Duke
Blue Devils
76.2%
Florida
Gators
76.2%
Indiana
Hoosiers
76.2%
Iowa State
Cyclones
76.2%
Louisville
Cardinals
76.2%
Alabama
Crimson Tide
75.2%
Arizona
Wildcats
75.2%
Clemson
Tigers
75.2%
Georgia
Bulldogs
75.2%
Miami (FL)
Hurricanes
75.2%
Michigan
Wolverines
75.2%
Michigan State
Spartans
75.2%
Boston College
Eagles
74.3%
Illinois
Fighting Illini
74.3%
Iowa
Hawkeyes
74.3%
Minnesota
Golden Gophers
74.3%
Missouri
Tigers
74.3%
Arkansas
Razorbacks
73.3%
Colorado
Buffaloes
73.3%
Florida State
Seminoles
73.3%
Akron
Zips
72.4%
Kansas
Jayhawks
72.4%
LSU
Tigers
72.4%
Memphis
Tigers
72.4%
Cincinatti
Bearcats
71.4%
Georgetown
Hoyas
71.4%
Butler
Bulldogs
70.5%
Kansas State
Wildcats
70.5%
Boise State
Broncos
69.5%
Cal
Golden Bears
69.5%
Gonzaga
Bulldogs
69.5%
East Carolina
Pirates
68.6%
Colorado State
Rams
68.6%
Georgia Tech
Yellow Jackets
68.6%
BYU
Cougars
67.6%
Harvard
Crimson
67.6%
Marshall
Thundering Herd
67.6%
Delaware
Fightin' Blue Hens
66.7%
Creighton
Bluejays
65.7%
Maryland (College Park)
Terrapins
65.7%
Mississippi State
Bulldogs
65.7%
Houston
Cougars
64.8%
Dayton
Flyers
63.8%
Hawaii
Warriors
63.8%
Fresno State
Bulldogs
62.9%
Army
Black Knights
61%
Ball State
Cardinals
59%
Idaho
Vandals
59%
Air Force
Falcons
58.1%
Central Florida
Knights
58.1%
Miami (OH)
RedHawks
57.1%
Central Michigan
Chippewas
56.2%
Boston University
Terriers
54.3%
Cornell
Big Red
53.3%
DePaul
Blue Demons
53.3%
Indiana State
Sycamores
53.3%
School
Mascot
% Correct
Louisiana Lafayette
Ragin' Cajuns
53.3%
Montana
Grizzlies
53.3%
Brown
Bears
52.4%
Marquette
Golden Eagles
52.4%
Florida Atlantic
Owls
51.4%
Kent State
Golden Flashes
51.4%
Appalachian State
Mountaineers
49.5%
Drexel
Dragons
49.5%
Eastern Michigan
Eagles
49.5%
Buffalo
Bulls
48.6%
Bowling Green
Falcons
47.6%
Bucknell
Bison
47.6%
Davidson
Wildcats
47.6%
Murray State
Racers
47.6%
Drake
Bulldogs
46.7%
Middle Tennessee
Blue Raiders
45.7%
George Mason
Patriots
44.8%
Maine
Black Bears
44.8%
Dartmouth
Big Green
42.9%
Eastern Washington
Eagles
42.9%
Duquesne
Dukes
41.9%
Albany
Great Danes
41%
Columbia
Lions
41%
Iona
Gaels
41%
Arkansas State
Red Wolves
40%
Liberty
Flames
40%
Louisiana Tech
Bulldogs
40%
Manhattan
Jaspers
40%
Campbell
Fighting Camels
38.1%
Fordham
Rams
38.1%
Furman
Paladins
38.1%
La Salle
Explorers
38.1%
Coastal Carolina
Chanticleers
37.1%
Grambling State
Tigers
37.1%
Austin Peay
Governors
36.2%
Belmont
Bears
36.2%
George Washington
Colonials
36.2%
Holy Cross
Crusaders
36.2%
Bradley
Braves
35.2%
Chattanooga
Mocs
35.2%
Elon
Phoenix
35.2%
Jacksonville
Dolphins
35.2%
Cal State Fullerton
Titans
34.3%
Florida A&M
Rattlers
34.3%
Illinois State
Redbirds
34.3%
James Madison
Dukes
34.3%
Missouri State
Bears
34.3%
Florida Gulf Coast
Eagles
33.3%
Hampton
Pirates
33.3%
Hofstra
Pride
33.3%
Howard
Bison
33.3%
Evansville
Aces
32.4%
Missouri-
Kansas City
Kangaroos
32.4%
Montana State
Bobcats
32.4%
American
Eagles
31.4%
Detroit
Titans
31.4%
Florida International
Golden Panthers
31.4%
Louisiana Monroe
Warhawks
31.4%
Mercer
Bears
31.4%
Bryant
Bulldogs
30.5%
School
Mascot
% Correct
Cal Poly (San Luis Obispo)
Mustangs
30.5%
Cleveland State
Vikings
30.5%
Eastern Kentucky
Colonels
30.5%
Fairfield
Stags
30.5%
Georgia Southern
Eagles
30.5%
Morgan State
Bears
30.5%
Denver
Pioneers
29.5%
Green Bay
Phoenix
29.5%
Idaho State
Bengals
29.5%
Illinois-
Chicago
Flames
29.5%
Lafayette
Leopards
29.5%
Marist
Red Foxes
29.5%
Morehead State
Eagles
29.5%
Delaware State
Hornets
28.6%
McNeese State
Cowboys
28.6%
Lehigh
Mountain Hawks
27.6%
Long Beach State
49ers
27.6%
Loyola (IL)
Ramblers
27.6%
Canisius
Golden Griffins
26.7%
Central Connecticut State
Blue Devils
26.7%
Loyola Marymount
Lions
26.7%
Mississippi Valley State
Delta Devils
26.7%
Alabama State
Hornets
25.7%
Binghamton
Bearcats
25.7%
Jackson State
Tigers
25.7%
Longwood
Lancers
25.7%
Loyola (MD)
Greyhounds
25.7%
Monmouth
Hawks
25.7%
Charleston
Cougars
24.8%
Citadel
Bulldogs
24.8%
Eastern Illinois
Panthers
24.8%
Lamar
Cardinals
24.8%
LIU Brooklyn
Blackbirds
24.8%
Arkansas-
Pine Bluff
Golden Lions
23.8%
Colgate
Raiders
23.8%
East Tennessee State
Buccaneers
22.9%
Georgia State
Panthers
22.9%
Jacksonville State
Gamecocks
22.9%
Milwaukee
Panthers
22.9%
Cal State Northridge
Matadors
21.9%
Alcorn State
Braves
21%
Hartford
Hawks
21%
Central Arkansas
Bears
19%
Gardner-
Webb
Runnin' Bulldogs
19%
IUPUI
Jaguars
19%
Kennesaw State
Owls
19%
Coppin State
Eagles
18.1%
Fairleigh Dickinson
Knights
18.1%
Lipscomb
Bisons
18.1%
Mount St. Mary's
Mountaineers
18.1%
Indiana-
Purdue-
Fort Wayne
Mastodons
17.1%
Cal State Bakersfield
Roadrunners
16.2%
Houston Baptist
Huskies
16.2%
Alabama A&M
Bulldogs
16.2%
High Point
Panthers
15.2%
Arkansas-
Little Rock
Trojans
14.3%
Charleston Southern
Buccaneers
14.3%
Chicago State
Cougars
14.3%
Bethune-
Cookman
Wildcats
13.3%
Quiz Playlist
Details
Report
Send in Message
Add To Playlist
Classic:
Type in answers that appear in a list
Forced Order:
Answers have to be entered in order
Random Order:
Randomize order of answers
Last Updated: Feb 16, 2017
Quiz Scoreboard
CHALLENGE
Sign Up to Join the Scoreboard
Show All
Scores
Hide
Comments
May contain spoilers
Recently Published
An Introduction to Baseball
by treessimontrees
Sports
5m
Movies - When Are They Set?
by FPL_Elf
Movies
5m
Popular People in 1961
by mucciniale
History
6m
More to Explore
Quiz From the Vault
Featured Blog Post
Where Did the Easter Bunny Come From?
hide this ad
You Might Also Like...
Tags
College Quiz
A-M
Division
I College
mascot
school
Today's Top Quizzes in Sports
Browse Sports
hide this ad
Today's Top Quizzes in College
Browse College
Top Contributed Quizzes in Sports
1
Les meilleurs buteurs des matchs entre le PSG et l’OM
2
2022 World Cup Stars
3
FIFA Club World Cup Champions
4
Les entraîneurs de l'OM et du PSG au 21e siècle
5
Name the Premier League winners with different clubs
6
La finale Lions - Afrique du Sud 2021
7
Criteria MLB: Left Handed Sluggers
8
Les joueurs passés par le LOSC et le RC Lens
9
Players with Multiple 50 Home Run Seasons
10
MLB Players with Two .350 Batting Average Seasons
Explore More
Trending Topics
Anime
Marvel
Disney
NBA
Kpop
Crossword
Harry Potter
Puzzle
Pokémon
NFL
WWE
Soccer
Country
The Office
Song
hide this ad
More By:
rmh2113
Quiz
Plays
Rating
Category
Featured
Created
Division I College Mascots (A-M)
105
5.00
Sports
Feb 16, 2012
Division I College Mascots (N-Z)
67
5.00
Sports
Feb 17, 2012
Go to Creator's Profile
Score Distribution
Quiz Creator Spotlight
rmh2113
Follow
Send a Message
Quizzes Created
-
Created Quiz Play Count
-
More By This Creator
Popular Quizzes Today
1
Find the Countries of Europe - No Outlines Minefield
2
Find the US States - No Outlines Minefield
3
The Countries of the World
4
Popular People in 1961
5
US States
6
1-10 Letter E Words III
7
Find the US States
8
One Thing in Common: World Cities II
More Sports Quizzes
John Stones' Winning XI's against Manchester United
Quiz Lab
Trending Quizzes
Risky Map Clicking: Least Populous States A-Z
1-10 Letter F Words
1-10 Letter G Words
One Thing in Common: United Kingdom
Risky Map Clicking: Next State Alphabetically
Recently Updated
Leaping Animals
pecheneg
Reality TV Shows (A-Z)
bhenderson79
Rickey Henderson's Hall of Fame Teammates
pecheneg
Champions League XIs: Arsenal
pecheneg
Quick Pick: Celebrities in WWE's Hall of Fame
aduchscher
A-Z Keypad Blitz II
pecheneg
Multiple Oscar Actors
pecheneg
Mystery Phrase Blitz: Oscar 'Best Actors'
pecheneg
F. Scott Fitzgerald Novels
LTH
Pick 3 Villains
ddd62291
Trending Topics
NBA
Anime
Disney
Harry Potter
Kpop
Marvel
Crossword
Soccer
Puzzle
The Office
Song
Country
Pokémon
WWE
NFL
Your Account Isn't Verified!
In order to create a playlist on Sporcle, you need to verify the email address you used during registration. Go to your
Sporcle Settings
to finish the process.
Report this User
Report this user for behavior that violates our
Community Guidelines
.
Details:
Send Report
Go to the Sporcle.com Mobile Site →
Comments